| 000 | 00698pam a2200241 i 4500 | ||
|---|---|---|---|
| 999 |
_c4339 _d4339 |
||
| 001 | 2752822 | ||
| 003 | OSt | ||
| 005 | 20220322122129.0 | ||
| 008 | 790205s1979 mdua b 000 0 eng | ||
| 010 | _a 79001497 | ||
| 020 | _a0839113307 | ||
| 040 |
_aDLC _cALUPE UNIVERSITY _dDLC |
||
| 050 | 0 | 0 |
_aP221 _b.P22 |
| 082 | 0 | 0 | _a414 |
| 100 | 1 | _aPainter, Colin. | |
| 245 | 1 | 3 |
_aAn introduction to instrumental phonetics / _cby Colin Painter. |
| 260 |
_aBaltimore : _bUniversity Park Press, _cc1979. |
||
| 300 |
_aix, 214 p. : _bill. ; _c28 cm. |
||
| 504 | _aBibliography: p. 83-87. | ||
| 650 | 0 |
_aPhonetics _xInstruments. |
|
| 906 |
_a7 _bcbc _corignew _d1 _eocip _f19 _gy-gencatlg |
||
| 942 |
_2lcc _cBK _nJO |
||